[Event "22nd ch-EUR Indiv 2022"]
[Site "Terme Catez SLO"]
[Date "2022.03.29"]
[Round "3.80"]
[White "Rubil, Marko"]
[Black "Kaasen, Tor Fredrik"]
[Result "0-1"]
[WhiteTitle "FM"]
[BlackTitle "IM"]
[WhiteElo "2293"]
[BlackElo "2460"]
[WhiteFideId "14501546"]
[BlackFideId "1516647"]
[EventDate "2022.03.27"]

1. e4 c5 2. Nf3 d6 3. d4 cxd4 4. Nxd4 Nf6 5. Nc3 Nc6 6. Bg5 e6 7. Qd2 a6 8.
O-O-O Bd7 9. f4 Be7 10. Kb1 h6 11. Bh4 Qc7 12. Be2 O-O 13. Bf2 b5 14. Bf3 Rac8
15. Nb3 b4 16. Na4 Rb8 17. g4 Na5 18. Nxa5 Qxa5 19. g5 hxg5 20. fxg5 Bxa4 21.
gxf6 Bxf6 22. Qxd6 Bxc2+ 23. Kxc2 Qxa2 24. Rd2 Rfd8 25. Qxd8+ Bxd8 26. Bd4 Bg5
27. Rg1 Rc8+ 28. Kd1 Qb3+ 29. Ke2 Bxd2 30. Rxg7+ Kf8 31. Bh5 Qc4+ 0-1

[Event "22nd ch-EUR Indiv 2022"]
[Site "Terme Catez SLO"]
[Date "2022.03.29"]
[Round "3.81"]
[White "Cvitan, Ognjen"]
[Black "Blagojevic, Tijana"]
[Result "1/2-1/2"]
[WhiteTitle "GM"]
[BlackTitle "WIM"]
[WhiteElo "2458"]
[BlackElo "2260"]
[WhiteFideId "14500086"]
[BlackFideId "16500270"]
[EventDate "2022.03.27"]

1. d4 d5 2. c4 c6 3. Nf3 Nf6 4. Nc3 e6 5. e3 Nbd7 6. Bd3 dxc4 7. Bxc4 b5 8. Bd3
Bb7 9. O-O a6 10. a4 b4 11. Ne4 c5 12. Ned2 Bd6 13. Qe2 cxd4 14. exd4 Nb6 15.
Ne5 O-O 16. a5 Nbd5 17. Nb3 Ne7 18. Rd1 Nf5 19. Bc4 Bd5 20. Bg5 Bxc4 21. Nxc4
Be7 22. Nb6 Ra7 23. Bxf6 Bxf6 24. d5 Qe7 25. dxe6 Qxe6 26. Qxe6 fxe6 27. Rd2 Rd8
28. Rad1 Rxd2 29. Rxd2 Rc7 30. g3 Kf7 31. Kg2 Ke7 32. Na4 Nd6 33. Nac5 Rc6 34.
Re2 Nc4 35. Nd3 Rd6 36. Nxb4 Nxb2 37. Rc2 Nd3 38. Nxd3 Rxd3 39. Nc5 1/2-1/2

[Event "22nd ch-EUR Indiv 2022"]
[Site "Terme Catez SLO"]
[Date "2022.03.29"]
[Round "3.82"]
[White "Prokofiev, Valentyn"]
[Black "Barbot, Pierre1"]
[Result "0-1"]
[BlackTitle "IM"]
[WhiteElo "2287"]
[BlackElo "2455"]
[WhiteFideId "14160161"]
[BlackFideId "663727"]
[EventDate "2022.03.27"]

1. d4 Nf6 2. c4 e6 3. Nf3 d5 4. e3 b6 5. b3 Bb7 6. Bd3 Bd6 7. O-O O-O 8. Bb2
Nbd7 9. Nc3 a6 10. Rc1 Ne4 11. cxd5 exd5 12. Ne2 Qf6 13. Qc2 Rac8 14. Ng3 Rfe8
15. Qe2 Ra8 16. Rc2 g6 17. Rfc1 Re7 18. Ne5 Nxe5 19. dxe5 Bxe5 20. Rxc7 Bxb2 21.
Rxe7 Bxc1 22. Rxb7 Nc5 23. Bxa6 Nxa6 24. Qb5 Nc5 25. Rxb6 Qc3 26. h4 Rc8 27. Rb8
Ne4 28. Rxc8+ Qxc8 29. Nxe4 dxe4 30. Qd5 Qc3 31. Kh2 Qd2 32. Qb7 Bb2 33. Qb8+
Kg7 34. Qf4 Qd5 35. Qg4 Qd2 36. Qf4 Qd5 37. Qg4 Be5+ 38. g3 h5 39. Qc8 Qd2 40.
Kg2 Qe2 41. a4 Qf3+ 42. Kg1 Bxg3 43. Qc3+ Kh7 44. fxg3 Qxg3+ 45. Kf1 Qxh4 46.
Qe1 Qh1+ 47. Ke2 Qf3+ 48. Kd2 Qf6 49. Kc2 h4 50. Qh1 Qf2+ 51. Kb1 Kg7 52. Ka1
Qxe3 53. Qxh4 Qc3+ 54. Ka2 e3 55. Qe4 Qd2+ 56. Ka3 e2 57. Qe5+ Kh6 58. Qh2+ Kg5
59. Qg1+ Kf6 0-1

[Event "22nd ch-EUR Indiv 2022"]
[Site "Terme Catez SLO"]
[Date "2022.03.29"]
[Round "3.83"]
[White "Maksimovic, Bojan"]
[Black "Shpanko, Nadiia"]
[Result "1/2-1/2"]
[WhiteTitle "IM"]
[BlackTitle "WIM"]
[WhiteElo "2455"]
[BlackElo "2247"]
[WhiteFideId "14408120"]
[BlackFideId "14132400"]
[EventDate "2022.03.27"]

1. d4 Nf6 2. c4 e6 3. g3 d5 4. Bg2 Bb4+ 5. Bd2 Be7 6. Nf3 Ne4 7. Nc3 c6 8. Qc2
f5 9. O-O Nd7 10. Be3 O-O 11. Ne1 b6 12. cxd5 cxd5 13. Nd3 Ba6 14. Nf4 Rf6 15.
Qa4 Bb7 16. Rac1 a6 17. f3 b5 18. Qd1 Nxc3 19. Rxc3 b4 20. Rc1 a5 21. Qd2 Qb6
22. Rfd1 Rff8 23. Bf1 Rac8 24. Kg2 Ba6 25. Nd3 Rfe8 26. Bf2 Bb5 27. e3 Qa6 28.
Nf4 Bxf1+ 29. Rxf1 Kf7 30. h3 Bd6 31. Nd3 Rxc1 32. Rxc1 Rc8 33. g4 g6 34. Rxc8
Qxc8 35. Bg3 Bxg3 36. Kxg3 Qc4 37. b3 Qc7+ 38. Kg2 Qc6 39. g5 Qc7 40. h4 Qc6 41.
Nf4 Nf8 42. h5 gxh5 43. Nxh5 Kg6 44. Nf4+ Kxg5 45. e4 Kf6 46. e5+ Kf7 47. Nh5
Kg6 48. Nf4+ Kf7 49. Nh5 Kg6 50. Nf6 Qc3 51. Qf2 f4 52. Kh3 Kf7 53. Qg2 Ng6 54.
Nxh7 Qxd4 55. Ng5+ Ke7 56. Qc2 Nxe5 57. Qh7+ Kd6 58. Qg8 Nd7 59. Qxe6+ Kc7 60.
Qe7 Qg1 61. Kh4 Qg3+ 62. Kh5 Qh2+ 63. Kg4 Qxa2 64. Ne6+ Kc6 65. Nd4+ Kc7 66.
Ne6+ Kc6 67. Nd4+ Kc7 68. Ne6+ 1/2-1/2

[Event "22nd ch-EUR Indiv 2022"]
[Site "Terme Catez SLO"]
[Date "2022.03.29"]
[Round "3.84"]
[White "Eric, Jovana"]
[Black "Neverov, Valeriy"]
[Result "1/2-1/2"]
[WhiteTitle "WGM"]
[BlackTitle "GM"]
[WhiteElo "2278"]
[BlackElo "2453"]
[WhiteFideId "938238"]
[BlackFideId "14100150"]
[EventDate "2022.03.27"]

1. e4 c5 2. Nf3 Nc6 3. Bb5 e6 4. O-O Nge7 5. Re1 a6 6. Bf1 d5 7. exd5 Nxd5 8. d4
Nf6 9. Be3 cxd4 10. Nxd4 Nxd4 11. Qxd4 Qxd4 12. Bxd4 Bd7 13. c4 Rc8 14. Nc3 Bc5
15. Rad1 Bxd4 16. Rxd4 Ke7 17. g4 g5 18. Bg2 Bc6 19. Nd5+ Bxd5 20. cxd5 Rhd8 21.
Rb4 Nxd5 22. Rxb7+ Kf8 23. Bxd5 Rxd5 24. Re3 Rc4 25. h3 Rf4 26. Kg2 e5 27. Re2
a5 28. Rb8+ Kg7 29. Re8 f6 30. Rc2 Rd7 31. Rec8 Kg6 32. Rg8+ Kf7 33. Rgc8 a4 34.
Rb8 Kg6 35. b3 h5 36. gxh5+ Kxh5 37. b4 a3 38. b5 Kg6 39. b6 Kf5 40. Ra8 Rb4 41.
Rc6 Rb7 42. Rxa3 R7xb6 43. Rf3+ Ke4 44. Rfxf6 Rxc6 45. Rxc6 Ra4 46. Rc2 Kf4 47.
f3 e4 48. fxe4 Kxe4 49. Kg3 Kf5 50. Rc5+ Kg6 51. Rc2 Ra3+ 52. Kg4 Ra4+ 53. Kg3
Ra3+ 54. Kg4 1/2-1/2

[Event "22nd ch-EUR Indiv 2022"]
[Site "Terme Catez SLO"]
[Date "2022.03.29"]
[Round "3.85"]
[White "Kosakowski, Jakub"]
[Black "Zadravec, Matija"]
[Result "1-0"]
[WhiteTitle "IM"]
[WhiteElo "2452"]
[BlackElo "2239"]
[WhiteFideId "1185080"]
[BlackFideId "14533413"]
[EventDate "2022.03.27"]

1. e4 e5 2. Nf3 Nc6 3. Bb5 Nge7 4. Nc3 Ng6 5. d4 exd4 6. Nxd4 Nxd4 7. Qxd4 c6 8.
Be2 Qb6 9. Qd3 Be7 10. O-O O-O 11. a4 d6 12. Be3 Qa5 13. f4 f5 14. Qc4+ Kh8 15.
b4 Qd8 16. b5 Bd7 17. bxc6 bxc6 18. Qd3 fxe4 19. Nxe4 d5 20. Ng5 Bf5 21. Qd2 Qd7
22. Bd3 h6 23. Nf3 Rae8 24. Rae1 Bd6 25. Bxf5 Qxf5 26. Nd4 Qd7 27. g3 c5 28. Nb5
d4 29. Nxd6 Qxd6 30. c3 d3 31. Qf2 Rc8 32. c4 Qc6 33. f5 Ne5 34. Bd2 Nxc4 35.
Bc3 d2 36. Re7 Rf6 37. Qe2 Rd8 38. Qg4 Rg8 39. Qxc4 Rxf5 40. Qxg8+ Kxg8 41.
Rxg7+ Kf8 42. Rxf5+ Ke8 43. Bxd2 Qxa4 44. Re5+ Kd8 45. Bc3 Qa3 46. Re3 Qc1+ 47.
Kf2 Qc2+ 48. Kf3 Qd1+ 49. Kg2 Qc2+ 50. Kh3 Qf5+ 51. Kh4 c4 52. Ree7 a6 53. Ra7
Qd5 54. Ra8+ 1-0

[Event "22nd ch-EUR Indiv 2022"]
[Site "Terme Catez SLO"]
[Date "2022.03.29"]
[Round "3.86"]
[White "Parkhov, Yair"]
[Black "Rakhmangulova, Anastasiya"]
[Result "1-0"]
[WhiteTitle "IM"]
[BlackTitle "WIM"]
[WhiteElo "2450"]
[BlackElo "2229"]
[WhiteFideId "2813408"]
[BlackFideId "14117479"]
[EventDate "2022.03.27"]

1. d4 Nf6 2. c4 e6 3. Nc3 c5 4. d5 d6 5. g3 exd5 6. cxd5 g6 7. Bg2 Bg7 8. Nf3
O-O 9. O-O Re8 10. Re1 Na6 11. Bf4 Nc7 12. e4 Nh5 13. Bg5 f6 14. Be3 b5 15. Nd2
Bf8 16. Rc1 b4 17. Na4 Ng7 18. Nc4 Nb5 19. f4 Bb7 20. Bf2 Rc8 21. Qd2 Be7 22.
Rcd1 Rf8 23. b3 Ne8 24. g4 Rf7 25. h4 Qd7 26. Qe2 Nec7 27. Qf3 Rcf8 28. Qg3 Bc8
29. Bf3 Rg7 30. e5 fxe5 31. fxe5 Bxh4 32. Qxh4 Rxf3 33. exd6 Rf4 34. Ne5 Qxd6
35. Bxc5 g5 36. Qh5 Qd8 37. d6 Ne6 38. Nc6 Qd7 39. Ne7+ Kh8 40. Rxe6 Qxe6 41.
Qe8+ Rg8 42. Qxg8+ Qxg8 43. Nxg8 Rxg4+ 44. Kf2 Kxg8 45. d7 Bxd7 46. Rxd7 h5 47.
Be3 h4 48. Rd5 h3 49. Rxg5+ Rxg5 50. Bxg5 Kf7 51. Bd2 a5 52. Nc5 Kf6 53. Nb7 Nc3
54. Kg1 a4 55. bxa4 Nxa4 56. Bxb4 Ke5 57. Kh2 Kd5 58. Na5 Nb6 59. Kxh3 Nc4 60.
Nb3 Kc6 61. Nd4+ Kb6 62. Kg4 Ne5+ 63. Kf5 Nc6 64. Nc2 Kb5 65. Bd6 Kc4 66. Ke6
Kc3 67. Kd5 Nd8 68. Nd4 Nb7 69. Be7 1-0

[Event "22nd ch-EUR Indiv 2022"]
[Site "Terme Catez SLO"]
[Date "2022.03.29"]
[Round "3.87"]
[White "Bilovil, Bogdan"]
[Black "Gokerkan, Cem Kaan"]
[Result "1-0"]
[BlackTitle "IM"]
[WhiteElo "2272"]
[BlackElo "2445"]
[WhiteFideId "14168766"]
[BlackFideId "6336760"]
[EventDate "2022.03.27"]

1. d4 Nf6 2. c4 g6 3. Nc3 Bg7 4. e4 d6 5. h3 O-O 6. Be3 c5 7. Nf3 cxd4 8. Nxd4
Nc6 9. Be2 Nxd4 10. Bxd4 Bd7 11. O-O a5 12. Qc2 Bc6 13. Rad1 a4 14. Rfe1 Qa5 15.
Bf1 Nd7 16. Bxg7 Kxg7 17. Nd5 Rfe8 18. b4 axb3 19. axb3 Kg8 20. Re3 e6 21. Nc3
Qb4 22. Na2 Qa3 23. Rd2 Nf6 24. b4 Qa7 25. Nc3 Red8 26. Qd1 Qb8 27. b5 Be8 28.
Red3 Ra3 29. Nd5 exd5 30. Rxa3 dxe4 31. Rda2 Qc7 32. Qd4 Kg7 33. Ra8 Rxa8 34.
Rxa8 Bd7 35. Ra1 Be6 36. Rd1 d5 37. c5 g5 38. c6 b6 39. Ra1 Bc8 40. Ra8 Kg6 41.
Qa1 e3 42. fxe3 Bf5 43. Qe1 Qe5 44. Ra3 d4 45. Qc1 Nd5 46. exd4 Qxd4+ 47. Kh1
Nf4 48. c7 Bc8 49. Qc6+ Ne6 50. Ra8 Qh8 51. Bd3+ Kg7 52. Qc3+ f6 53. Bf5 Qe8 54.
Qc6 1-0

[Event "22nd ch-EUR Indiv 2022"]
[Site "Terme Catez SLO"]
[Date "2022.03.29"]
[Round "3.88"]
[White "Gorshtein, Ido"]
[Black "Bauer, Thomas"]
[Result "1-0"]
[WhiteTitle "IM"]
[BlackTitle "CM"]
[WhiteElo "2445"]
[BlackElo "2224"]
[WhiteFideId "2815532"]
[BlackFideId "1639293"]
[EventDate "2022.03.27"]

1. c4 Nf6 2. Nc3 g6 3. d4 Bg7 4. e4 O-O 5. Be2 d6 6. Be3 Nbd7 7. Qc2 a6 8. g4 c5
9. d5 b5 10. g5 Nh5 11. Nf3 b4 12. Nd1 e6 13. Nd2 a5 14. f4 Re8 15. Nf2 Bd4 16.
Qd3 exd5 17. Bxh5 dxe4 18. Ndxe4 d5 19. cxd5 Bxb2 20. O-O Ba6 21. Qd2 Bxa1 22.
Rxa1 gxh5 23. Bxc5 f5 24. gxf6 Nxc5 25. Nd3 Kh8 26. Ndxc5 Qb6 27. Kh1 Be2 28.
Qxe2 Qxc5 29. f7 Qd4 30. fxe8=R+ Rxe8 31. Re1 a4 32. d6 b3 33. axb3 axb3 34. Rd1
b2 35. Rxd4 b1=Q+ 36. Rd1 Qb7 37. Re1 h4 38. Qe3 h6 39. Qc3+ Kg8 40. Rg1+ Kf8
41. Qh8+ Kf7 42. Qf6# 1-0

[Event "22nd ch-EUR Indiv 2022"]
[Site "Terme Catez SLO"]
[Date "2022.03.29"]
[Round "3.89"]
[White "Muetsch, Annmarie"]
[Black "Stella, Andrea"]
[Result "1/2-1/2"]
[WhiteTitle "WIM"]
[BlackTitle "GM"]
[WhiteElo "2263"]
[BlackElo "2444"]
[WhiteFideId "12971367"]
[BlackFideId "827061"]
[EventDate "2022.03.27"]

1. e4 e5 2. Nf3 Nc6 3. Bc4 Bc5 4. c3 Nf6 5. d4 exd4 6. e5 d5 7. Bb5 Ne4 8. cxd4
Bb6 9. Nc3 O-O 10. Be3 Bg4 11. h3 Bh5 12. Qc2 Ba5 13. O-O Bxf3 14. gxf3 Ng5 15.
Kg2 Bxc3 16. bxc3 Ne6 17. Qf5 Ne7 18. Qg4 f5 19. exf6 Rxf6 20. Bd3 Ng6 21. Kh1
Qd6 22. Rab1 Ngf4 23. Bf5 Raf8 24. Bxe6+ Rxe6 25. Rg1 Rg6 26. Bxf4 Rxf4 27. Qc8+
Rf8 28. Qxb7 Rxf3 29. Rxg6 hxg6 30. Kg2 Rf8 31. Re1 Kh7 32. Qb2 Qf4 33. Qe2 Rf5
34. Qe3 Rg5+ 35. Kh1 Qf5 36. a3 Rh5 37. Kg2 c6 38. Re2 a5 39. a4 Rh4 40. Qg3 Re4
41. Rxe4 Qxe4+ 42. Kh2 Qc2 1/2-1/2

[Event "22nd ch-EUR Indiv 2022"]
[Site "Terme Catez SLO"]
[Date "2022.03.29"]
[Round "3.90"]
[White "Mihov, Filip"]
[Black "Tutisani, Noe"]
[Result "1/2-1/2"]
[BlackTitle "IM"]
[WhiteElo "2255"]
[BlackElo "2442"]
[WhiteFideId "15003892"]
[BlackFideId "13602853"]
[EventDate "2022.03.27"]

1. c4 g6 2. g3 Bg7 3. Bg2 e5 4. Nc3 Nc6 5. Rb1 a5 6. a3 Nf6 7. b4 axb4 8. axb4
O-O 9. b5 Nd4 10. e3 Re8 11. d3 Ne6 12. Nge2 c6 13. O-O d5 14. bxc6 bxc6 15. Qc2
Ba6 16. Rd1 Qc7 17. Na4 dxc4 18. dxc4 e4 19. Nd4 Nxd4 20. exd4 Rad8 21. Bf4 Qa7
22. Nc5 Bc8 23. h3 Nh5 24. Be3 f5 25. Qb3 Qf7 26. d5 f4 27. gxf4 Nxf4 28. Bxf4
Qxf4 29. Qe3 Qxe3 30. fxe3 cxd5 31. cxd5 Bh6 32. Kf2 Re5 33. Rd4 Rexd5 34. Rxd5
Rxd5 35. Nxe4 Rf5+ 36. Ke2 Ba6+ 37. Ke1 Bxe3 38. Ra1 Bb5 39. Nd6 Rg5 40. Nxb5
Rxg2 41. Ra3 Bc5 42. Rd3 h5 43. Nc3 Kf7 44. Ne4 Be7 45. Kf1 Ra2 46. Rd2 Ra3 47.
Kg2 Re3 48. Nf2 g5 49. Rd3 Re1 50. Rd1 Re2 51. Kf3 Ra2 52. Rd3 Kg6 53. Rb3 Bf6
54. Ne4 Bd4 55. Rb5 Ra3+ 56. Kg2 Be3 57. Rd5 Bf4 58. Rb5 Rd3 59. Ra5 h4 60. Rb5
g4 61. hxg4 h3+ 62. Kf2 Rd1 63. Rh5 h2 64. Kf3 Bc7 65. Nf2 Rg1 66. Rh3 Rc1 67.
Rh5 Kg7 68. Kg2 Rg1+ 69. Kf3 Kf6 70. Rh6+ Kg7 71. Rh3 Bb8 72. Rh5 Kf7 73. Rf5+
Ke6 74. Rh5 Be5 75. Rh3 Kd5 76. Rh7 Bd6 77. Rh6 Be5 78. Rh7 Kc4 79. Rh5 Kd4 80.
Rh7 Kc3 81. Rh5 Kd4 82. Rh7 Bg3 83. Nh1 Bb8 84. Nf2 Kc4 85. Rh8 Be5 86. Rh5 Bg3
87. Nh1 Bb8 88. Nf2 Kc3 89. Rc5+ Kd4 90. Rh5 Rg3+ 91. Ke2 Rb3 92. Kf1 Rb2 93.
Kg2 Ke3 94. Rh3+ Ke2 95. Rh8 Bf4 96. Re8+ Be3 97. Nh1 Kd3+ 98. Kf3 Bd4 99. Rd8
Rb1 100. Kg2 Rb2+ 1/2-1/2

[Event "22nd ch-EUR Indiv 2022"]
[Site "Terme Catez SLO"]
[Date "2022.03.29"]
[Round "3.91"]
[White "Sanikidze, Tornike"]
[Black "Laptii, Nazar"]
[Result "0-1"]
[WhiteTitle "GM"]
[WhiteElo "2439"]
[BlackElo "2180"]
[WhiteFideId "13602608"]
[BlackFideId "14174332"]
[EventDate "2022.03.27"]

1. Nf3 d5 2. c4 e6 3. g3 Nf6 4. Bg2 c6 5. b3 Nbd7 6. Bb2 Be7 7. O-O O-O 8. d3 a5
9. a3 b5 10. Qc2 Qb6 11. Nbd2 Bb7 12. e3 Rfc8 13. Rab1 Qd8 14. b4 bxc4 15. dxc4
c5 16. b5 a4 17. Rfd1 Qc7 18. Rbc1 Bd6 19. Qb1 Qb8 20. cxd5 exd5 21. Qf5 Re8 22.
e4 d4 23. Re1 Bc8 24. Qg5 h6 25. Qh4 Nf8 26. e5 Ng6 27. exf6 Rxe1+ 28. Rxe1 Nxh4
29. Nxh4 Bb7 30. Bh3 g6 31. Bc1 Bd5 32. Bf1 Be5 33. Nc4 Bxf6 34. Bf4 Qxb5 35.
Ne3 Qd7 36. Nxd5 Qxd5 37. Bg2 Qd8 38. Bxa8 Qxa8 39. Bxh6 c4 40. Ng2 Qf3 41. Nf4
Kh7 42. Bf8 g5 43. Ng2 d3 44. Bb4 c3 0-1

[Event "22nd ch-EUR Indiv 2022"]
[Site "Terme Catez SLO"]
[Date "2022.03.29"]
[Round "3.92"]
[White "Kochavi, Ori"]
[Black "Ibrahimli, Murad"]
[Result "1-0"]
[WhiteTitle "FM"]
[BlackTitle "IM"]
[WhiteElo "2253"]
[BlackElo "2432"]
[WhiteFideId "2816873"]
[BlackFideId "13410229"]
[EventDate "2022.03.27"]

1. e4 c5 2. Nf3 d6 3. d4 cxd4 4. Nxd4 Nf6 5. Nc3 a6 6. Bg5 Nbd7 7. Be3 e6 8. g4
h6 9. a4 b6 10. h4 Bb7 11. Bg2 g6 12. g5 hxg5 13. hxg5 Rxh1+ 14. Bxh1 Nh5 15.
Bf3 Ng7 16. Qd2 Rc8 17. O-O-O Ne5 18. Be2 Nc4 19. Bxc4 Rxc4 20. f4 Be7 21. b3
Rc8 22. Nde2 Qc7 23. Kb2 Nh5 24. Rf1 Bc6 25. f5 b5 26. fxe6 fxe6 27. axb5 axb5
28. Nd4 b4 29. Na2 Bxe4 30. Nxb4 Qd7 31. Qf2 Bf5 32. Nxf5 exf5 33. Nd5 Qe6 34.
c4 Kf7 35. Re1 Bd8 36. Bb6 Qd7 37. Bxd8 Qxd8 38. Qa7+ Kf8 39. Qh7 Qxg5 40. Qh8+
Kf7 41. Re7+ 1-0

[Event "22nd ch-EUR Indiv 2022"]
[Site "Terme Catez SLO"]
[Date "2022.03.29"]
[Round "3.93"]
[White "Sahidi, Samir"]
[Black "Novosel, Lovro"]
[Result "1-0"]
[WhiteTitle "IM"]
[WhiteElo "2432"]
[BlackElo "2099"]
[WhiteFideId "14936372"]
[BlackFideId "14547120"]
[EventDate "2022.03.27"]

1. d4 Nf6 2. c4 e6 3. Nf3 d5 4. g3 Be7 5. Bg2 O-O 6. O-O dxc4 7. Ne5 c5 8. dxc5
Qc7 9. Nxc4 Qxc5 10. Qb3 Nd5 11. e4 Nb6 12. Nba3 Nxc4 13. Nxc4 Nc6 14. Be3 Qb4
15. e5 Bd7 16. Qxb4 Bxb4 17. a3 Be7 18. Rfd1 Rfd8 19. b4 Be8 20. f4 a6 21. Bc5
Kf8 22. Kf2 f6 23. Bd6 Bxd6 24. exd6 Bd7 25. Nb6 Rab8 26. Rd2 e5 27. Re1 exf4
28. gxf4 Bf5 29. Rc1 Na7 30. a4 Nc8 31. Rxc8 Rbxc8 32. Nxc8 Bxc8 33. a5 Kf7 34.
Rc2 Bf5 35. Rc7+ Ke6 36. Bxb7 Kxd6 37. Rc6+ Kd7 38. Rb6 Kc7 39. Bxa6 Rd2+ 40.
Kg3 Be4 41. Bf1 h5 42. Re6 Bd3 43. Bxd3 Rxd3+ 44. Kh4 Rd4 45. Kxh5 Rxb4 46. f5
Kd7 47. a6 Rb2 48. h4 Rg2 49. Rb6 Kc7 50. Rb1 Ra2 51. Kg6 Kd6 52. Re1 Kd5 53.
Re6 Rg2+ 54. Kf7 Rf2 55. Kxg7 Rxf5 56. Re8 1-0

[Event "22nd ch-EUR Indiv 2022"]
[Site "Terme Catez SLO"]
[Date "2022.03.29"]
[Round "3.94"]
[White "Vagman, Roy"]
[Black "Sousa, Andre Ventura"]
[Result "0-1"]
[WhiteTitle "CM"]
[BlackTitle "IM"]
[WhiteElo "2247"]
[BlackElo "2429"]
[WhiteFideId "2828995"]
[BlackFideId "1917617"]
[EventDate "2022.03.27"]

1. e4 e5 2. Nf3 Nc6 3. Bc4 Bc5 4. c3 Nf6 5. d3 O-O 6. O-O d5 7. exd5 Nxd5 8. Re1
Bg4 9. Nbd2 Nb6 10. h3 Bh5 11. Bb3 Qxd3 12. Nxe5 Qf5 13. Nef3 Rad8 14. Qe2 Qc8
15. Ne4 Be7 16. Bf4 Nd7 17. Ng3 Bg6 18. Rad1 Bf6 19. Bc2 Rde8 20. Qd2 Nc5 21.
Bxg6 hxg6 22. Be3 Ne4 23. Nxe4 Rxe4 24. Bf4 Rfe8 25. Rxe4 Rxe4 26. Re1 Qe6 27.
Rxe4 Qxe4 28. Bxc7 Qb1+ 29. Kh2 Qxa2 30. Bf4 a5 31. Bd6 a4 32. g4 Qe6 33. Kg3 b5
34. Bc7 Qe7 35. Bf4 Qe4 36. Bd6 Na5 37. Bb4 Nc4 38. Qd7 Qxf3+ 39. Kxf3 Ne5+ 40.
Ke4 Nxd7 41. Kd5 Nb6+ 42. Kc6 Nc4 43. Kxb5 Nxb2 44. c4 Nd3 45. Ba3 Nxf2 46. c5
Be5 47. c6 Nd3 48. Kxa4 Nf4 49. Kb5 f5 50. Kc5 Kf7 51. Bc1 Ke6 52. Be3 Nxh3 53.
gxf5+ gxf5 54. Kb6 Nf4 0-1

[Event "22nd ch-EUR Indiv 2022"]
[Site "Terme Catez SLO"]
[Date "2022.03.29"]
[Round "3.95"]
[White "Gueci, Tea"]
[Black "Haring, Filip"]
[Result "0-1"]
[WhiteTitle "WIM"]
[BlackTitle "FM"]
[WhiteElo "2235"]
[BlackElo "2425"]
[WhiteFideId "872342"]
[BlackFideId "14933080"]
[EventDate "2022.03.27"]

1. e4 c5 2. Nf3 e6 3. d4 cxd4 4. Nxd4 a6 5. Bd3 Bc5 6. Nb3 Ba7 7. Qe2 Nc6 8. Be3
d6 9. O-O Nf6 10. c4 O-O 11. Nc3 e5 12. Bxa7 Rxa7 13. Qe3 b6 14. Rfd1 Nd7 15.
Bf1 Nc5 16. Rd2 Be6 17. f4 f6 18. g3 Qb8 19. Rad1 Rd8 20. Nc1 Rb7 21. a3 Bg4 22.
Be2 Bxe2 23. N1xe2 Na5 24. Rc2 Nxc4 25. Qf3 b5 26. Nd5 Kh8 27. f5 Nd7 28. Kh1
Ndb6 29. Nb4 Qa8 30. b3 a5 31. bxc4 axb4 32. cxb5 bxa3 33. Ra1 Ra7 34. Rc6 Nc8
35. Ra2 Qb7 36. Qd3 Ra5 37. Nc3 h6 38. Ra6 Rxa6 39. bxa6 Qb3 40. Qc2 Qc4 41. Kg2
Qxa6 42. Qb3 Qd3 43. Rxa3 d5 44. exd5 Ne7 45. g4 Qd2+ 46. Kh3 h5 47. Qd1 Qe3+
48. Kg2 Nxd5 49. Qf3 Nf4+ 50. Kg3 Qe1+ 0-1

[Event "22nd ch-EUR Indiv 2022"]
[Site "Terme Catez SLO"]
[Date "2022.03.29"]
[Round "3.96"]
[White "Kilgus, Georg"]
[Black "Yakimenko, Alexander A."]
[Result "1-0"]
[WhiteTitle "IM"]
[WhiteElo "2415"]
[BlackElo "2064"]
[WhiteFideId "1606212"]
[BlackFideId "24141917"]
[EventDate "2022.03.27"]

1. Nf3 e6 2. c4 Be7 3. Nc3 d5 4. d4 Nf6 5. g3 O-O 6. Bg2 c6 7. O-O Nbd7 8. Qd3
b6 9. e4 Ba6 10. b3 Rc8 11. Rd1 c5 12. exd5 exd5 13. Nb5 dxc4 14. bxc4 cxd4 15.
Nfxd4 Bxb5 16. cxb5 Re8 17. Nc6 Nc5 18. Qf1 Qc7 19. Bf4 Qb7 20. Na5 bxa5 21.
Bxb7 Nxb7 22. Rac1 Bc5 23. Qg2 1-0

[Event "22nd ch-EUR Indiv 2022"]
[Site "Terme Catez SLO"]
[Date "2022.03.29"]
[Round "3.97"]
[White "Marn, Jan"]
[Black "Krastev, Alexander"]
[Result "1/2-1/2"]
[WhiteTitle "FM"]
[BlackTitle "FM"]
[WhiteElo "2232"]
[BlackElo "2409"]
[WhiteFideId "14619245"]
[BlackFideId "12989983"]
[EventDate "2022.03.27"]

1. d4 Nf6 2. c4 c5 3. d5 e6 4. Nc3 exd5 5. cxd5 d6 6. e4 g6 7. h3 Bg7 8. Nf3 O-O
9. Be3 Re8 10. Nd2 a6 11. a4 Nxe4 12. Ncxe4 f5 13. Be2 fxe4 14. Nc4 Bf8 15. h4
Nd7 16. h5 Ne5 17. hxg6 hxg6 18. Nxe5 Rxe5 19. Qd2 Qf6 20. Ra3 Bd7 21. a5 Qf7
22. Rb3 Bb5 23. Bxb5 axb5 24. Rxb5 Rxd5 25. Qe2 c4 26. Rxd5 Qxd5 27. Qg4 Qxa5+
28. Ke2 Qf5 29. Qh4 Bg7 30. Qh7+ Kf7 31. Bd4 Rg8 32. Rh4 Kf8 33. g3 Qf3+ 34. Ke1
Bxd4 35. Rf4+ Qxf4 36. gxf4 Rg7 1/2-1/2

[Event "22nd ch-EUR Indiv 2022"]
[Site "Terme Catez SLO"]
[Date "2022.03.29"]
[Round "3.98"]
[White "Injac, Teodora"]
[Black "Loukopoulos, Panagiotis-Athanasi"]
[Result "1-0"]
[WhiteTitle "WGM"]
[WhiteElo "2407"]
[BlackElo "2020"]
[WhiteFideId "932400"]
[BlackFideId "4293835"]
[EventDate "2022.03.27"]

1. Nf3 d5 2. g3 Bg4 3. Bg2 Nd7 4. c4 e6 5. cxd5 exd5 6. O-O Ngf6 7. d3 Bd6 8. h3
Bh5 9. Nc3 c6 10. e4 O-O 11. exd5 Nxd5 12. Nxd5 cxd5 13. Be3 Re8 14. Re1 Ne5 15.
g4 Bg6 16. Nxe5 Bxe5 17. Qb3 d4 18. Bd2 Qd6 19. Rac1 Rab8 20. Qa4 Bh2+ 21. Kh1
Rxe1+ 22. Rxe1 h6 23. Re8+ Rxe8 24. Qxe8+ Kh7 25. Bxb7 Qb6 26. Bd5 Qf6 27. Qe2
Bf4 28. Bxf4 Qxf4 29. Kg2 h5 30. Qf3 Qxf3+ 31. Kxf3 hxg4+ 32. hxg4 Bxd3 33. Be4+
Bxe4+ 34. Kxe4 Kg6 35. f4 f5+ 36. gxf5+ Kf6 37. b4 d3 38. Kxd3 Kxf5 39. Ke3 g5
40. fxg5 Kxg5 41. Ke4 1-0

[Event "22nd ch-EUR Indiv 2022"]
[Site "Terme Catez SLO"]
[Date "2022.03.29"]
[Round "3.99"]
[White "Saraci, Korab"]
[Black "Dobrovoljc, Vid"]
[Result "1/2-1/2"]
[BlackTitle "FM"]
[WhiteElo "2229"]
[BlackElo "2406"]
[WhiteFideId "4701968"]
[BlackFideId "14609843"]
[EventDate "2022.03.27"]

1. d4 Nf6 2. c4 e6 3. g3 d5 4. Bg2 Bb4+ 5. Bd2 a5 6. Qc2 O-O 7. Nf3 c5 8. dxc5
d4 9. Bxb4 axb4 10. Nbd2 Nc6 11. O-O e5 12. Ng5 h6 13. Nge4 Ne8 14. Nd6 Nxd6 15.
cxd6 Qxd6 16. c5 Qe7 17. Ne4 Be6 18. Nd6 Ra5 19. f4 exf4 20. gxf4 Bxa2 21. Qe4
Qc7 22. Rfc1 Be6 23. Nxb7 Rxa1 24. Rxa1 Qxb7 25. Qxc6 Qxc6 26. Bxc6 Rc8 27. Ra8
g5 28. Rxc8+ Bxc8 29. Ba8 Kf8 30. Kf2 Ke7 31. e3 dxe3+ 32. Kxe3 Kd8 33. Kd4 Be6
34. Be4 gxf4 35. Ke5 Ke7 36. Kxf4 Kf6 37. h4 Bc4 38. Bf3 Bd3 39. Kg4 Bg6 40. Kf4
Ke6 41. Bc6 Bc2 1/2-1/2